000 01031nam a2200253 a 4500
001 48518
003 BD-RjUL
005 20211209054534.0
008 160814s1958 bg ||||| |||| 00| f ben d
020 _c: Tk. 3.50
035 _a(BD-RjUL)48637
040 _aBD-RjUL
_bben
_cBD-RjUL
041 _aben
082 _223
_a891.4393
_bURD 1958
245 0 0 _aউর্দূর সেরা গল্প /
_cযুগ্ম-সম্পাদক আতোয়ার রহমান, নেয়ামাল বাসির
260 _aঢাকা :
_bওসমানিয়া বুক ডিপো,
_c১৯৫৮
300 _a খণ্ড. ;
_c১৯ সেমি
505 0 _aখণ্ড ১ ---
650 _aউর্দূ উপন্যাস
_9121925
650 _aUrdu Fiction
_9121922
700 _aরহমান, আতোয়ার, যুগ্ম-সম্পাদক
_9146662
700 _aবাসির, নেয়ামাল, যুগ্ম-সম্পাদক
_9146663
942 _2ddc
_cBK
999 _c48518
_d48518